00245nam a22000977a 4500008004100000020001500041082001800056245005500074260000900129300000900138230704b xxu||||| |||| 00| 0 eng d a8885401864 a361bIRC 2003 aChildren in Institutions:The Beginning of the End? c2003 a109p